Office management
| Main Author: | |
|---|---|
| Format: | Book |
| Published: |
Petaling Jaya :
Golden Books Centre ,
2002
|
| Subjects: |
MARC
| LEADER | 00000cam a2200000 7i4500 | ||
|---|---|---|---|
| 001 | 0000003324 | ||
| 005 | 20050823.0 | ||
| 020 | 0 | 0 | |a 9837204885 |
| 090 | 0 | 0 | |a 651.3 |b JAC |
| 100 | 1 | 0 | |a Jackson, Brian |
| 245 | 1 | 0 | |a Office management |c Brian Jackson |
| 260 | 0 | 0 | |a Petaling Jaya : |b Golden Books Centre , |c 2002 |
| 300 | |a i,183p. ; |c 22cm. | ||
| 650 | 0 | 0 | |a Office management |
| 999 | |a 0000006336 |b Monograph |c Open Shelf |e Default branch | ||